| 000 | 00617nam a2200205 u 4500 | ||
|---|---|---|---|
| 005 | 20210223133001.0 | ||
| 008 | 160628s2007 es r 000 0 spa d | ||
| 020 | _a9788467519594 | ||
| 035 | _aUPN01000211698 | ||
| 049 | _aI | ||
| 050 | 4 |
_aQA113 _bM5.8 |
|
| 100 | 1 |
_aMicklethwait, Lucy, _d1951- _939900 |
|
| 245 | 1 | 0 |
_aVeo y cuento en el arte = _bI spy numbers in art / _cLucy Micklethwait. |
| 260 |
_aMadrid : _bSM, _c2007. |
||
| 300 |
_a[46] p. : _bil. col. |
||
| 500 | _aEdición en inglés y español | ||
| 650 | 4 |
_aCONTEO - _vLITERATURA INFANTIL _911126 |
|
| 740 | 0 | _aI spy numbers in art | |
| 905 | _aInfantil | ||
| 999 |
_c183799 _d183799 |
||